Normal view
MARC view
Entry Personal Name
001 - CONTROL NUMBER
- control field: 269285
003 - CONTROL NUMBER IDENTIFIER
- control field: OSt
005 - DATE AND TIME OF LATEST TRANSACTION
- control field: 20220925204930.0
008 - FIXED-LENGTH DATA ELEMENTS
- fixed length control field: 220925|| aca||aabn | a|a d
040 ## - CATALOGING SOURCE
- Original cataloging agency: OSt
- Transcribing agency: OSt
100 ## - HEADING--PERSONAL NAME
- Personal name: Doornbos Martin R
670 ## - SOURCE DATA FOUND
- Source citation: Work cat.: (OSt)550811: Doornbos Martin R, Not all theking's men, 1978
